Writing the winning thesis or dissertation : (Record no. 30312)
[ view plain ]
| 000 -LEADER | |
|---|---|
| fixed length control field | 01686cam a22003854i 4500 |
| 001 - CONTROL NUMBER | |
| control field | 20306548 |
| 003 - CONTROL NUMBER IDENTIFIER | |
| control field | EG-ScBUE |
| 005 - DATE AND TIME OF LATEST TRANSACTION | |
| control field | 20230509101738.0 |
| 008 - FIXED-LENGTH DATA ELEMENTS--GENERAL INFORMATION | |
| fixed length control field | 180125s2018 caua f b 001 0 eng d |
| 020 ## - INTERNATIONAL STANDARD BOOK NUMBER | |
| International Standard Book Number | 9781544317205 (Paperback : acid-free paper) |
| 040 ## - CATALOGING SOURCE | |
| Original cataloging agency | DLC |
| Language of cataloging | eng |
| Description conventions | rda |
| Transcribing agency | DLC |
| Modifying agency | DLC |
| -- | EG-ScBUE |
| 082 04 - DEWEY DECIMAL CLASSIFICATION NUMBER | |
| Classification number | 808.066378 |
| Edition number | 22 |
| Item number | JOY |
| 100 1# - MAIN ENTRY--PERSONAL NAME | |
| Personal name | Joyner, Randy L., |
| Relator term | author. |
| 245 10 - TITLE STATEMENT | |
| Title | Writing the winning thesis or dissertation : |
| Remainder of title | a step-by-step guide / |
| Statement of responsibility, etc | Randy L. Joyner, William A. Rouse, Allan A. Glatthorn. |
| 250 ## - EDITION STATEMENT | |
| Edition statement | Fourth Edition. |
| 264 #1 - PUBLICATION, DISTRIBUTION, ETC. (IMPRINT) | |
| Place of publication, distribution, etc | Thousand Oaks, California : |
| Name of publisher, distributor, etc | Corwin, A SAGE Company, |
| Date of publication, distribution, etc | [2018] |
| 264 #4 - PUBLICATION, DISTRIBUTION, ETC. (IMPRINT) | |
| Date of publication, distribution, etc | c2018 |
| 300 ## - PHYSICAL DESCRIPTION | |
| Extent | xxvi, 310 pages : |
| Other physical details | illustrations ; |
| Dimensions | 23 cm |
| 336 ## - CONTENT TYPE | |
| Content type term | text |
| Content type code | txt |
| Source | rdacontent |
| 337 ## - MEDIA TYPE | |
| Media type term | unmediated |
| Media type code | n |
| Source | rdamedia |
| 338 ## - CARRIER TYPE | |
| Carrier type term | volume |
| Carrier type code | nc |
| Source | rdacarrier |
| 500 ## - GENERAL NOTE | |
| General note | Second edition lists Allan A. Glatthorn as the principal author on the published title page. |
| 504 ## - BIBLIOGRAPHY, ETC. NOTE | |
| Bibliography, etc | Includes bibliographical references and index. |
| 505 2# - FORMATTED CONTENTS NOTE | |
| Formatted contents note | Part 1. The foundations -- Part 2. Research problem development -- Part 3. The prospectus preparation -- Part 4. The dissertation -- Part 5. The dissertation defense -- Part 6. Technology. |
| 650 #7 - SUBJECT ADDED ENTRY--TOPICAL TERM | |
| Topical term or geographic name as entry element | Dissertations, Academic. |
| Source of heading or term | BUEsh |
| 650 #7 - SUBJECT ADDED ENTRY--TOPICAL TERM | |
| Topical term or geographic name as entry element | Report writing. |
| Source of heading or term | BUEsh |
| 650 #7 - SUBJECT ADDED ENTRY--TOPICAL TERM | |
| Topical term or geographic name as entry element | Research. |
| Source of heading or term | BUEsh |
| 653 ## - INDEX TERM--UNCONTROLLED | |
| Resource For college | Arts and Design |
| Arrived date list | May2023 |
| 655 ## - INDEX TERM--GENRE/FORM | |
| Form subdivision | Reading book |
| 700 1# - ADDED ENTRY--PERSONAL NAME | |
| Personal name | Rouse, William A., |
| Relator term | author. |
| 700 1# - ADDED ENTRY--PERSONAL NAME | |
| Personal name | Glatthorn, Allan A., |
| Dates associated with a name | 1924- |
| Relator term | author. |
| 906 ## - LOCAL DATA ELEMENT F, LDF (RLIN) | |
| a | 7 |
| b | cbc |
| c | orignew |
| d | 1 |
| e | ecip |
| f | 20 |
| g | y-gencatlg |
| 942 ## - ADDED ENTRY ELEMENTS (KOHA) | |
| Source of classification or shelving scheme | Dewey Decimal Classification |
| Koha item type | Book - Borrowing |
| Withdrawn status | Lost status | Source of classification or shelving scheme | Damaged status | Not for loan | Collection code | Home library | Current library | Shelving location | Date acquired | Source of acquisition | Cost, normal purchase price | Serial Enumeration / chronology | Total Checkouts | Full call number | Barcode | Date last seen | Cost, replacement price | Price effective from | Koha item type |
|---|---|---|---|---|---|---|---|---|---|---|---|---|---|---|---|---|---|---|---|
| Dewey Decimal Classification | Baccah | Central Library | Central Library | Second Floor | 09/05/2023 | Purchase | 1050.00 | 37380 | 808.066378 JOY | 000044966 | 15/07/2025 | 1312.50 | 09/05/2023 | Book - Borrowing |